000
00372nam a2200133Ia 4500
008
151001s9999||||xx |||||||||||||| ||und||
100
_a
Publishing House Angela
245
_a
Stories from fairy land: alice in Wohnderlan
250
_a
1
260
_b
Angel Publishing pvt.ltd
260
_c
2006
300
_a
16
365
_b
24
999
_c
987713
_d
987710